000 00425cam a2200145ua 4500
041 _aeng
_h
082 _a621.001
_bALA/FI
100 _aAlavala, chennakesava R .
245 _aFinite element methods: Basic concept and applications /
_cChennakesava R Alavala.
_hTextual Documents
260 _aNew Delhi :
_bPrentice Hall of India Pvt Ltd. ,
_c2009.
300 _a ; .
504 _a
942 _cBK
999 _c13458
_d13458